Southville International School and Colleges
Your cart is empty.
  • Cart
  • Lists
    Public lists Eva Luna New books Lux_list list_1
    Your lists Log in to create your own lists
  • Log in to your account
  • Your cookies
  • Search history
Southville International School and Colleges
  • Advanced search
  • Recent comments
  • Most popular
  • Libraries

Log in to your account

Log in with GOOGLE


If you do not have an external account, but do have a local account, you can still log in:

  1. Home
  2. MARC view: Chicken soup for the soul:
Normal view MARC view ISBD view

Chicken soup for the soul: (Record no. 353212)

[ view plain ]
MARC details
000 -LEADER
fixed length control field 01448nam a22002897a 4500
003 - CONTROL NUMBER IDENTIFIER
control field SISC
005 - DATE AND TIME OF LATEST TRANSACTION
control field 20180108153614.0
008 - FIXED-LENGTH DATA ELEMENTS--GENERAL INFORMATION
fixed length control field 180108b xxu||||| |||| 00| 0 eng d
020 ## - INTERNATIONAL STANDARD BOOK NUMBER
International Standard Book Number 9781611599275
050 ## - LIBRARY OF CONGRESS CALL NUMBER
Classification number PZ 5
Item number .C45 2013
100 ## - MAIN ENTRY--PERSONAL NAME
Personal name Sorbo, Kevin
245 ## - TITLE STATEMENT
Title Chicken soup for the soul:
Remainder of title think positive for kids : 101 stories about good decisions, self-esteem, and positive thinking /
Statement of responsibility, etc [compiled by] Kevin Sorbo [and] Amy Newmark
260 ## - PUBLICATION, DISTRIBUTION, ETC. (IMPRINT)
Place of publication, distribution, etc [Connecticut] :
Name of publisher, distributor, etc Chicken Soup for the Soul Publishing,
Date of publication, distribution, etc c2013.
300 ## - PHYSICAL DESCRIPTION
Extent xiv, 366 pages :
Other physical details illustrations ;
Dimensions 22 cm.
440 ## - SERIES STATEMENT/ADDED ENTRY--TITLE
Title Chicken soup for the soul
520 ## - SUMMARY, ETC.
Summary, etc A collection of 101 personal stories about children making good decisions, doing the right thing, thinking positively, overcoming obstacles, and being grateful.
526 ## - STUDY PROGRAM INFORMATION NOTE
Interest level Interest age level: 007-012
650 ## - SUBJECT ADDED ENTRY--TOPICAL TERM
Source of heading or term Library of Congress Subject Headings
Topical term or geographic name as entry element Children
General subdivision Conduct of life
Form subdivision Literary collections
650 ## - SUBJECT ADDED ENTRY--TOPICAL TERM
Source of heading or term Library of Congress Subject Headings
Topical term or geographic name as entry element Optimism
Form subdivision Literary collections
650 ## - SUBJECT ADDED ENTRY--TOPICAL TERM
Source of heading or term Library of Congress Subject Headings
Topical term or geographic name as entry element Children
General subdivision Conduct of life
Form subdivision Anecdotes
650 ## - SUBJECT ADDED ENTRY--TOPICAL TERM
Source of heading or term Library of Congress Subject Headings
Topical term or geographic name as entry element Optimism
Form subdivision Anecdotes
650 ## - SUBJECT ADDED ENTRY--TOPICAL TERM
Source of heading or term Library of Congress Subject Headings
Topical term or geographic name as entry element Children
General subdivision Conduct of life
650 ## - SUBJECT ADDED ENTRY--TOPICAL TERM
Source of heading or term Library of Congress Subject Headings
Topical term or geographic name as entry element Optimism
650 ## - SUBJECT ADDED ENTRY--TOPICAL TERM
Source of heading or term Library of Congress Subject Headings
Topical term or geographic name as entry element Anecdotes
700 ## - ADDED ENTRY--PERSONAL NAME
Personal name Newmark, Amy
942 ## - ADDED ENTRY ELEMENTS (KOHA)
Source of classification or shelving scheme Library of Congress Classification
Koha item type Books
Holdings
Withdrawn status Lost status Source of classification or shelving scheme Damaged status Home library Current library Shelving location Date acquired Source of acquisition Total Checkouts Total Renewals Full call number Barcode Date last seen Date checked out Copy number Price effective from Koha item type
    Library of Congress Classification   Luxembourg Library Luxembourg Library Teachers Reference Section 01/08/2018 Library Fund 1 1 PZ 5 .C45 2013 c.1 20472 06/08/2020 03/11/2020 1 01/08/2018 Books
    Library of Congress Classification   Luxembourg Library Luxembourg Library High School Section 01/08/2018 Library Fund     PZ 5 .C45 2013 c.2 20471 01/08/2018   2 01/08/2018 Books

Chicken soup for the soul:

APA

Sorbo K., Newmark A., . (2013). Chicken soup for the soul. [Connecticut]: Chicken Soup for the Soul Publishing.

Chicago

Sorbo Kevin, Newmark Amy, . 2013. Chicken soup for the soul. [Connecticut]: Chicken Soup for the Soul Publishing.

Harvard

Sorbo K., Newmark A., . (2013). Chicken soup for the soul. [Connecticut]: Chicken Soup for the Soul Publishing.

MLA

Sorbo Kevin, Newmark Amy, . Chicken soup for the soul. [Connecticut]: Chicken Soup for the Soul Publishing. 2013.

  • Place hold
  • Print
  • Cite
  • Add to your cart (remove)
  • Save record
    BIBTEX Dublin Core MARCXML MARC (non-Unicode/MARC-8) MARC (Unicode/UTF-8) MARC (Unicode/UTF-8, Standard) MODS (XML) RIS
  • More searches
    Search for this title in:
    Other Libraries (WorldCat) Other Databases (Google Scholar) Online Stores (Bookfinder.com) Open Library (openlibrary.org)

Exporting to Dublin Core...

SOUTHVILLE LIBRARY

Southville International School and Colleges Library

1281 Tropical Ave. Cor. Luxembourg St., BF Homes International, Las Pinas City

Tel. No. 8256374 / 252358 Loc. 117/146

Powered by Koha